书目信息 |
| 题名: |
心成长, 新父母
|
|
| 作者: | ;新东方家庭教育高峰论坛 ;新东方家庭教育研究与指导中心 编 | |
| 分册: | ||
| 出版信息: | 杭州 浙江教育出版社 2016 |
|
| 页数: | 231页 | |
| 开本: | 23cm | |
| 丛书名: | 新东方大愚家庭教育丛书 | |
| 单 册: | ||
| 中图分类: | G78-53 | |
| 科图分类: | ||
| 主题词: | 家庭教育--jia ting jiao yu--文集 | |
| 电子资源: | ||
| ISBN: | 978-7-5536-4619-0 | |
| 000 | 01318nam 2200301 450 | |
| 001 | 012001002449 | |
| 005 | 20131029080426.0 | |
| 010 | @a978-7-5536-4619-0@dCNY40.00 | |
| 099 | @aCAL 012016130045 | |
| 100 | @a20160825d2016 em y0chiy50 ea | |
| 101 | 0 | @achi |
| 102 | @aCN@b330000 | |
| 105 | @aac z 100yy | |
| 106 | @ar | |
| 200 | 1 | @a心成长, 新父母@Axin cheng zhang , xin fu mu@e第八届新东方家庭教育高峰论坛实录@f新东方家庭教育研究与指导中心编 |
| 210 | @a杭州@c浙江教育出版社@d2016 | |
| 215 | @a231页@c彩图, 肖像@d23cm | |
| 225 | 2 | @a新东方大愚家庭教育丛书@Axin dong fang da yu jia ting jiao yu cong shu |
| 300 | @a新东方家庭教育 | |
| 330 | @a本书暨第八届新东方家庭教育高峰论坛实录,收录了来自海内外高校及科研机构的著名教育专家、学者等的演讲、专访和圆桌讨论的全部内容。 | |
| 410 | 0 | @12001 @a新东方大愚家庭教育丛书 |
| 517 | 1 | @a第八届新东方家庭教育高峰论坛实录@Adi ba jie xin dong fang jia ting jiao yu gao feng lun tan shi lu |
| 606 | 0 | @a家庭教育@Ajia ting jiao yu@j文集 |
| 690 | @aG78-53@v5 | |
| 711 | 12 | @a新东方家庭教育高峰论坛@Axin dong fang jia ting jiao yu gao feng lun tan@d(第8届 :@f2015 :@e北京市) |
| 712 | 02 | @a新东方家庭教育研究与指导中心@Axin dong fang jia ting jiao yu yan jiu yu zhi dao zhong xin@4编 |
| 801 | 2 | @aCN@b江苏凤凰@c20191020 |
| 905 | @b1229068-71@dG78-53@e1326@f4 | |
| 心成长, 新父母:第八届新东方家庭教育高峰论坛实录/新东方家庭教育研究与指导中心编.-杭州:浙江教育出版社,2016 |
| 231页:彩图, 肖像;23cm.-(新东方大愚家庭教育丛书) |
| 新东方家庭教育 |
| ISBN 978-7-5536-4619-0:CNY40.00 |
| 本书暨第八届新东方家庭教育高峰论坛实录,收录了来自海内外高校及科研机构的著名教育专家、学者等的演讲、专访和圆桌讨论的全部内容。 |
| ● |
| 相关链接 |
|
|
|
|
正题名:心成长, 新父母
索取号:G78-53/1326
 
预约/预借
| 序号 | 登录号 | 条形码 | 馆藏地/架位号 | 状态 | 备注 |
| 1 | 1229068 | 212290689 | 第一样本阅览室/ [索取号:G78-53/1326] | 在馆 | |
| 2 | 1229069 | 212290698 | 教育系资料室/ [索取号:G78-53/1326] | 在馆 | |
| 3 | 1229070 | 212290705 | 教育系资料室/ [索取号:G78-53/1326] | 在馆 | |
| 4 | 1229071 | 212290714 | 第四借阅区/ [索取号:G78-53/1326] | 在馆 |